Normal view
MARC view
- Hamzeh Carr
Entry Personal Name
001 - CONTROL NUMBER
- control field: 105516
003 - CONTROL NUMBER IDENTIFIER
- control field: NUST
005 - DATE AND TIME OF LATEST TRANSACTION
- control field: 20221221120758.0
008 - FIXED-LENGTH DATA ELEMENTS
- fixed length control field: 221221|| aca||aabn | a|a d
040 ## - CATALOGING SOURCE
- Original cataloging agency: NUST
- Transcribing agency: NUST
100 ## - HEADING--PERSONAL NAME
- Personal name: Hamzeh Carr
670 ## - SOURCE DATA FOUND
- Source citation: Work cat.: (NUST)193795: Hamzeh Carr, The Light og Asia , 1926
